Central Library OPAC University of Rajshahi

Linear operators : (Record no. 50588)

MARC details
000 -LEADER
fixed length control field 00688nam a2200229 a 4500
001 - CONTROL NUMBER
control field 50588
003 - CONTROL NUMBER IDENTIFIER
rucl marc code BD-RJUL
005 - DATE AND TIME OF LATEST TRANSACTION
control field 20211209075531.0
008 - FIXED-LENGTH DATA ELEMENTS--GENERAL INFORMATION
fixed length control field 160823s1953 enka 001 0 eng d
035 ## - SYSTEM CONTROL NUMBER
System control number CURL 020000011658(Edi) from wsc237
040 ## - CATALOGING SOURCE
Original cataloging agency BD-RjUL50708
Language of cataloging eng
Transcribing agency BD-RjUL
041 ## - LANGUAGE CODE
Language code of text/sound track or separate title eng
082 ## - DEWEY DECIMAL CLASSIFICATION NUMBER
Edition number 23
Classification number 512.89
Author mark and year COL 1953
100 1# - MAIN ENTRY--PERSONAL NAME
Personal name Cooke, Richard G.
9 (RLIN) 151492
245 10 - TITLE STATEMENT
Title Linear operators :
Remainder of title spectral theory and some other applications /
Statement of responsibility, etc. by Richard G. Cooke
260 ## - PUBLICATION, DISTRIBUTION, ETC. (IMPRINT)
Place of publication, distribution, etc. London :
Name of publisher, distributor, etc. Macmillan,
Date of publication, distribution, etc. 1953
300 ## - PHYSICAL DESCRIPTION
Pagination xii, 454 p. ;
Size 22 cm
504 ## - BIBLIOGRAPHY, ETC. NOTE
Bibliography, etc Bibliography: p.428-445
650 #0 - SUBJECT ADDED ENTRY--TOPICAL TERM
Topical term or geographic name as entry element Algebra, Universal
9 (RLIN) 151039
942 ## - ADDED ENTRY ELEMENTS (KOHA)
Source of classification or shelving scheme Dewey Decimal Classification
Koha item type Books
Holdings
Lost status Source of classification or shelving scheme Damaged status Not for loan Collection code Permanent Location Current Location Shelving location Date acquired Source of acquisition Cost, normal purchase price Total Checkouts Full call number Date last seen Copy number Koha item type
  Dewey Decimal Classification     Non-fiction Central Library, University of Rajshahi Central Library, University of Rajshahi     Book view 49.22   512.89 COL 1953 28/08/2016 C-2 Books
  Dewey Decimal Classification     Non-fiction Central Library, University of Rajshahi Central Library, University of Rajshahi     Book view 49.22   512.89 COL 1953 28/08/2016 C-3 Books
  Dewey Decimal Classification     Non-fiction Central Library, University of Rajshahi Central Library, University of Rajshahi     Book view 49.22   512.89 COL 1953 28/08/2016 C-4 Books